000
00290nam a22001337a 4500
008
210301b ||||| |||| 00| 0 eng d
020
_a
0669016381
041
_a
eng
080
_a
32
100
_a
19
101
_a
SHP
245
_a
International Corrections
_c
Wicks,J.R
942
_2
udc
_c
BK
999
_c
55329
_d
55329